Z dejín Gymnázia v Spišskej Novej Vsi

Podrobná bibliografia
Hlavný autor: Kormošová, Ružena, 1958- (Autor)
Médium: Článok
Jazyk:slovenčina
Fyzický popis:Fotogr.
Predmet:

MARC

LEADER 00000nab a2200000 a 4500
001 vtls008186536
003 SK-MaSNL
005 20260303080421.0
008 050726c1996 xo mr|p|||||||000 b|slo
015 |a SNSK2005 
038 |a SNSK 
040 |a SNSK  |b slo  |c SNSK  |e AACR2 
041 0 |a slo 
044 |a xo  |c SK 
080 |a 373.54  |x (091)  |2 UDC-MRF-SK2 
100 1 |a Kormošová, Ružena,  |d 1958-  |4 aut  |9 108671 
245 1 0 |a Z dejín Gymnázia v Spišskej Novej Vsi  |c Ružena Kormošová 
300 |b Fotogr. 
610 2 7 |a Gymnázium, Školská 7 (Spišská Nová Ves, Slovensko)  |2 snsk  |9 872929 
650 0 7 |a dejiny školstva  |2 snsk  |9 71224 
651 7 |a Spišská Nová Ves (Slovensko)  |2 snsk  |9 28800 
773 0 |t Gy-My  |g Roč. IV., č. 1 (1996/99), s. 5-7 
852 |a SNSK  |b KIS3GCP 
999 |c 1780331  |d 1782261